000 00528nam a2200157 i 4500
001 30304
003 ES-MaACL
005 20230909063108.0
007 t|
008 030124s1918 sp ||||1| spa d
100 1 _aBarras de Aragón, Francisco de las,
_d1869-1955
_925859
245 1 3 _aEl botánico D. Antonio Ramos, fundador del Jardín de la Real Sociedad Médica de Sevilla /
_cFrancisco de las Barras de Aragón.
260 _aMadrid :
_b[s.n.,
_c1918]
852 _aES-MaACL
_j1602-F-20
999 _c30304
_d30304